| 000 | 00810cam a2200277 a 4500 | ||
|---|---|---|---|
| 001 | 4785224 | ||
| 003 | OSt | ||
| 005 | 20140310182153.0 | ||
| 008 | 870213s1987 nyua j 000 1 eng | ||
| 010 | _a 87005542 | ||
| 020 |
_a0395459923 : _c$9.95 |
||
| 040 |
_aDLC _cDLC _dDLC |
||
| 042 | _alcac | ||
| 050 | 0 | 0 |
_aPZ 7 _b.F838 1967 |
| 082 | 0 | 0 |
_aHS 808.3 _bF83 1989 |
| 100 | 1 |
_aFox, Paula. _96194 |
|
| 245 | 1 | 2 |
_aA likely place / _cPaula Fox ; illustrated by Edward Ardizzone. |
| 260 |
_aAtlanta : _bHoughton Mifflin, _cc1967. |
||
| 300 |
_a69 p. : _bill. ; |
||
| 650 | 1 |
_aBabysitters _xFiction. _915862 |
|
| 650 | 1 |
_aSelf-reliance _xFiction. _915863 |
|
| 700 | 1 |
_aArdizzone, Edward, _d1900-1979, _eill. _915864 |
|
| 906 |
_a7 _bcbc _corignew _d1 _eocip _f19 _gy-gencatlg |
||
| 942 |
_2lcc _cHS |
||
| 999 |
_c10051 _d10051 |
||